Tous les sites UNESCO d'Allemagne sur une carte - Statistiques

Statistiques générales
  • Ce quiz a été pris 116 fois
  • Le résultat moyen est 16 sur 55
Réponses sur la Carte
Les réponses sont colorées sur une échelle allant du rouge au vert en fonction du pourcentage des utilisateurs qui les ont devinées à leur premier essai. Vous pouvez retrouver ces pourcentages ci-dessous.
 
Statistiques - réponses
Réponse % Correct
Cathédrale d'Aix-la-Chapelle
67%
La mer des Wadden
67%
Museumsinsel (Île des musées), Berlin
63%
Châteaux et parcs de Potsdam et Berlin
60%
Les châteaux du roi Louis II de Bavière : Neuschwanstein, Linderhof, Schachen et Herrenchiemsee
59%
Hôtel de ville et la statue de Roland sur la place du marché de Brême
57%
Sites palafittiques préhistoriques autour des Alpes
54%
Cathédrale de Cologne
50%
Ville hanséatique de Lübeck
50%
Cités du modernisme de Berlin
49%
Frontières de l’Empire romain – le limes de Germanie inférieure
44%
Complexe industriel de la mine de charbon de Zollverein à Essen
40%
Région minière Erzgebirge/Krušnohoří
40%
Trèves – monuments romains, cathédrale Saint-Pierre et église Notre-Dame
40%
Frontières de l’Empire romain
39%
Sites SchUM de Spire, Worms et Mayence
39%
Bauhaus et ses sites à Weimar, Dessau et Bernau
37%
Ensemble de la résidence de Schwerin
37%
Les frontières de l’Empire romain – le limes du Danube (segment occidental)
34%
Système de gestion de l’eau d’Augsbourg
34%
Centres historiques de Stralsund et Wismar
30%
Opéra margravial de Bayreuth
30%
Weimar classique
30%
Parc de Muskau / Parc Mużakowski
29%
Cathédrale de Spire
27%
Ensemble archéologique frontalier de Hedeby et du Danevirke
27%
Patrimoine médiéval juif d’Erfurt
27%
Résidence de Wurtzbourg avec les jardins de la Cour et la place de la Résidence
27%
Vieille ville de Ratisbonne et Stadtamhof
27%
Grottes et l’art de la période glaciaire dans le Jura souabe
26%
Les grandes villes d’eaux d’Europe
26%
Usine sidérurgique de Völklingen
26%
Monuments commémoratifs de Luther à Eisleben et Wittenberg
23%
Forêts primaires et anciennes de hêtres des Carpates et d’autres régions d’Europe
21%
Ville de Bamberg
20%
Mines de Rammelsberg, ville historique de Goslar et système de gestion hydraulique du Haut-Harz
19%
Colonies de l’Église morave
17%
La Speicherstadt et le quartier Kontorhaus avec la Chilehaus
17%
Monastère de Maulbronn
17%
Abbaye et Altenmünster de Lorsch
16%
Bergpark Wilhelmshöhe
16%
Église de pèlerinage de Wies
16%
La Wartburg
16%
Collégiale, château et vielle ville de Quedlinburg
14%
Île monastique de Reichenau
14%
La Mathildenhöhe à Darmstadt
14%
Site fossilifère de Messel
14%
Cathédrale Sainte-Marie et église Saint-Michel d'Hildesheim
13%
Le royaume des jardins de Dessau-Wörlitz
13%
L’Œuvre architecturale de Le Corbusier, une contribution exceptionnelle au Mouvement Moderne
13%
Vallée du Haut-Rhin moyen
13%
Cathédrale de Naumburg
11%
Châteaux d'Augustusburg et de Falkenlust à Brühl
11%
Westwerk caroligien et civitas de Corvey
11%
Usine Fagus à Alfeld
10%
Aucun quiz correspondant
Distribution des résultats
% des personnes avec chaque résultat
Percentile par nombre de réponses
Votre historique - résultats
Vous n’avez pas pris ce quiz